Spájame sa pre viac výhod
Do konca roku 2004 bude založená medzinárodná akciová spoločnosť CBA, ktoré akcionármi budú jednotlivé nákupné aliancie CBA v členských krajinách. Konkrétni akcionári nákupnej aliancie CBA SK.
Enregistré dans:
| Auteur principal: | |
|---|---|
| Format: | Chapitre de livre |
| Langue: | slovaque |
| Sujets: | |
| Tags: |
Pas de tags, Soyez le premier à ajouter un tag!
|
MARC
| LEADER | 00000naa$a2200000$$$4500 | ||
|---|---|---|---|
| 001 | 0022711 | ||
| 005 | 20231107125331.6 | ||
| 041 | 0 | |a slo | |
| 044 | |a SK | ||
| 245 | 1 | 0 | |a Spájame sa pre viac výhod |c Andrea Hinková-Dibarborová |
| 520 | |a Do konca roku 2004 bude založená medzinárodná akciová spoločnosť CBA, ktoré akcionármi budú jednotlivé nákupné aliancie CBA v členských krajinách. Konkrétni akcionári nákupnej aliancie CBA SK. | ||
| 610 | 2 | 0 | |a spoločnosti obchodné |
| 610 | 2 | 0 | |a spoločnosti nadnárodné |
| 610 | 2 | 0 | |a akcionári |
| 610 | 2 | 0 | |a Slovensko |
| 100 | 1 | |a Hinková-Dibarborová, Andrea | |